|
|
|
|
| LEADER |
01962nam a2200337 i 4500 |
| 001 |
29504 |
| 003 |
BD-DhAAL |
| 005 |
20150712103828.0 |
| 008 |
150712s2014 enk 001 0 eng |
| 010 |
|
|
|a 2014004976
|
| 020 |
|
|
|a 9781107063754 (Hardback)
|
| 020 |
|
|
|a 9781107657212 (Paperback)
|
| 040 |
|
|
|a DLC
|b eng
|c DLC
|e rda
|d DLC
|d BD-DhAAL
|
| 042 |
|
|
|a pcc
|
| 050 |
0 |
0 |
|a K3240
|b .S38 2014
|
| 082 |
0 |
0 |
|a 341.48
|2 23
|
| 100 |
1 |
|
|a Schutter, Olivier De,
|e author.
|9 6395
|
| 245 |
1 |
0 |
|a International human rights law :
|b cases, materials, commentary /
|c Olivier De Schutter.
|
| 250 |
|
|
|a Second edition.
|
| 260 |
|
|
|a Cambridge, United Kingdom :
|b Cambridge University Press,
|c c2014.
|
| 300 |
|
|
|a lxx, 1052 pages ;
|c 26 cm
|
| 500 |
|
|
|a Includes index.
|
| 505 |
0 |
|
|a The emergence of international human rights -- State responsibility and 'jurisdiction' -- The typology of States' obligations and the obligation to respect human rights -- The application of human rights in private relationships and the obligation to protect -- The progressive realization of human rights and the obligation to fulfil -- Derogations in time of public emergency -- The prohibition of discrimination -- Ensuring compliance with international human rights law : the role of national authorities -- The United Nations human rights treaties system -- The United Nations charter-based monitoring of human rights -- Regional mechanisms of protection.
|
| 541 |
|
|
|e 29504
|
| 650 |
|
0 |
|a Human rights.
|9 13153
|
| 650 |
|
0 |
|a International law and human rights.
|9 13154
|
| 655 |
|
7 |
|a Casebooks
|2 lcgft
|9 13155
|
| 942 |
|
|
|2 ddc
|c BK
|
| 999 |
|
|
|c 35052
|d 35052
|
| 952 |
|
|
|0 0
|1 0
|2 ddc
|4 0
|6 341_480000000000000_SCH
|7 0
|9 54935
|a BRACUL
|b BRACUL
|c GEN
|d 2015-07-12
|l 5
|m 40
|o 341.48 SCH
|p 3010029504
|r 2024-06-08
|s 2024-01-23
|t 1
|w 2015-07-12
|y BK
|
| 952 |
|
|
|0 0
|1 0
|2 ddc
|4 0
|6 341_480000000000000_SCH
|7 0
|9 54936
|a BRACUL
|b BRACUL
|c GEN
|d 2015-07-12
|l 6
|m 38
|o 341.48 SCH
|p 3010029505
|r 2022-01-30
|s 2021-11-04
|t 2
|w 2015-07-12
|y BK
|